000 00640nam a22002177a 4500
003 UA-OsUOA
001 92413
007 ta
008 20121217b un ||||| |||| 00| 0 ukr d
100 _aАрзуманян А.
090 _a821.19
_bА80
942 _cBK
040 _aUA-OsUOA
_cUA-OsUOA
_dUA-OsUOA
245 _aБратья Орбели. Бюраканский мередиан
_bроман-хроника
300 _a446 с.
955 _a3
080 _a821.19
260 _aМ.
_bСоветский писатель
_c1988
650 7 _a82 Література. Літературознавство
_2UDC
999 _c378658
_d378658